000 00515nam a22001697a 4500
003 OSt
005 20260316141819.0
008 260316b |||||||| |||| 00| 0 eng d
040 _cMRSPTU
041 _aEnglish
100 _aLakhwinder Singh, Supervisor: Meenu Chaudary
245 _aCommercial Development in Mansa City, Punjab.
260 _bDepartment of Architecture, MRSPTU, Bathinda
_c2023
650 _aArchitecture
856 _uhttp://163.47.215.52:8080/jspui/handle/123456789/858
942 _2ddc
_cTH
_n0
999 _c11153
_d11153